Saxony-Anhalt Top 20 Cities by population - Statistics

General Stats
  • This quiz has been taken 22 times
  • The average score is 11 of 20
Answer Stats
Population City % Correct
86,030 Dessau-Roßlau
100%
229,153 Halle
100%
228,144 Magdeburg
100%
40,708 Halberstadt
88%
47,390 Wittenberg
88%
40,959 Stendal
75%
33,964 Wernigerode
75%
35,016 Bernburg
63%
27,565 Köthen
63%
40,194 Weißenfels
63%
43,301 Bitterfeld-Wolfen
50%
33,880 Merseburg
50%
33,228 Naumburg
38%
25,915 Quedlinburg
38%
28,878 Sangerhausen
38%
28,540 Aschersleben
25%
30,445 Zeitz
25%
24,693 Salzwedel
13%
32,592 Schönebeck
13%
28,054 Staßfurt
0%
No matching quizzes found
Score Distribution
Percent of People with Each Score
Percentile by Number Answered
Your Score History
You have not taken this quiz